期刊信息 |
| 索取号 |
A/MKS
|
| 题名 |
马克思主义研究
|
| 作者 |
马克思主义研究编辑部
|
| 分册号 |
|
| 分册名 |
|
| 出版地 |
北京
|
| 出版者 |
该刊编辑部
|
| 标准刊号 |
1006-5199
|
| 出版频率 |
月刊
|
| 中图法分类 |
A
|
| 主题词 |
马克思主义; 列宁主义; 毛泽东思想
|
| 电子资源 | |
| |
|
| 000 | 00673nas0 2200241 45 | |
| 001 | 0552978031 | |
| 005 | 20060615094546.90 | |
| 011 | @a1006-5199@dCNY9.00(2004) | |
| 091 | @aCN11-3591 | |
| 092 | @b82-686 | |
| 100 | @a20051110d km y0chiy0120 ea | |
| 101 | 0 | @achi |
| 102 | @aCN@b110000 | |
| 200 | 1 | @a马克思主义研究@AMa Ke Si Zhu Yi Yan Jiu@f马克思主义研究编辑部@FMa Ke Si Zhu Yi Yan Jiu Bian Ji Bu |
| 210 | @a北京@c该刊编辑部 | |
| 326 | @a月刊 | |
| 606 | 0 | @a马克思主义 |
| 606 | 0 | @a列宁主义 |
| 606 | 0 | @a毛泽东思想 |
| 690 | @aA@v4 | |
| 711 | 0 | @a马克思主义研究编辑部@AMa Ke Si Zhu Yi Yan Jiu Bian Ji Bu |
| 801 | 0 | @aCN@bPFT@c20060615 |
| 905 | @aTJWY@dA@eMKS | |
| 马克思主义研究/马克思主义研究编辑部.-北京:该刊编辑部 |
| ISSN 1006-5199:CNY9.00(2004) |
| ● |
| 相关链接: |
|
|
|
|